000 00487nam a2200181Ia 4500
003 LDD
008 181101s9999 xx 000 0 und d
020 _a8187666765
_c500.00
040 _cLDD
100 _aMalihabadi, Josh
245 0 _aMehrab-o-mizrab
_cJosh Malihabadi
260 _aDelhi
_bKitabi Duniya
_c2004
300 _a703p.
901 _a15920
_b17-03-2017
902 _a2840
_b17-03-2017
_cF
_dPIBD
_e8U
903 _a20
_bReqst by : mohamad akbar
942 _2ddc
_cUR
999 _c133
_d133